000
00345pab a2200145 454500
008
180718b1983 xxu||||| |||| 00| 0 eng d
100
_a
Thimmaiahm, G
245
_a
Fiscal federalism and municipal finances
260
_c
1983
300
_a
22-34
362
_a
July-Sept.
650
_a
Municipal Finance
773
_a
Nagarlok
909
_a
13849
999
_c
13849
_d
13849